000 00306nam a22001217a 4500
040 _cSK
082 _a639
100 _aគា គីមអេង
245 _aPractice of aquaculture; អនុវត្តចិញ្ចឹមត្រី
260 _aRUA
_bគា
_c2008
300 _a29p.
942 _cKB
999 _c10059
_d10059